[Event "Washington G/60 Championships"]
[Site "Seattle, WA"]
[Date "2015.12.28"]
[Round "3"]
[White "Lewis-Sandy Joshua  (WA)"]
[Black "Tran Samuel  (WA)"]
[Result "1-0"]
[WhiteElo "1393"]
[BlackElo "783"]
[Annotator ""]
[Source ""]
[Remark ""]

1.Nc3 Nf6 2.e4 e5 3.Nf3 Nc6 4.Bb5 Bd6 5.d4 exd4 6.Nxd4 O-O 7.Bg5
Be5 8.Nde2 d6 9.Qd2 Be6 10.f4 Bxc3 11.Nxc3 Na5 12.e5 dxe5 13.Qxd8
Rfxd8 14.fxe5 h6 15.Bh4 g5 16.Bxg5 hxg5 17.exf6 Nc4 18.b3 Ne3
19.Bd3 Rxd3 20.cxd3 Nc2+ 21.Kd2 Nxa1 22.Rxa1 Rd8 23.Re1 Bf5 24.Re3
Rd6 25.Rg3 Rxf6 26.Rxg5+ Kh7 27.Nd5 Kh6 28.h4 Rg6 29.Rxf5 Rxg2+
30.Kc3 Rxa2 31.Rxf7 Ra5 32.Nxc7 Rc5+ 33.Kb4 Rc6 34.Nd5 b6 35.Rf6+
Rxf6 36.Nxf6 a5+ 37.Kb5 Kg7 38.Ng4 Kg6 39.Kxb6 Kh5 40.Nf2 Kxh4
41.Kxa5 Kg5 42.b4 Kf6 43.Kb6 Ke7 44.Kc7 Ke6 45.b5 Kd5 46.b6 Kd4
47.b7 Ke3 48.b8Q Kxf2 49.Qe8 Kf3 50.Qe4+ Kf2 51.d4 Kg3 52.Qf5
Kg2 53.d5 Kh2 54.d6 Kg2 55.d7 Kh2 56.d8Q Kg2 57.Qh4 Kg1 58.Qff2# 1-0

[Event "Washington G/60 Championships"]
[Site "Seattle, WA"]
[Date "2015.12.29"]
[Round "5"]
[White "Hadzic Huso  (WA)"]
[Black "Chetrari Nikita  (WA)"]
[Result "1/2-1/2"]
[WhiteElo "2153"]
[BlackElo "2302"]
[Annotator ""]
[Source ""]
[Remark ""]

1.e4 c6 2.d4 d5 3.Nd2 dxe4 4.Nxe4 Bf5 5.Ng3 Bg6 6.Nf3 Nd7 7.Bd3
Bxd3 8.Qxd3 Qc7 9.Be3 Ngf6 10.O-O e6 11.c4 Be7 12.Rac1 O-O 13.Rfd1
Rfd8 14.Qb3 Nb6 15.Qc2 c5 16.dxc5 Bxc5 17.Bxc5 Qxc5 18.b3 Kf8
19.Qe2 1/2-1/2

[Event "Washington G/60 Championships"]
[Site "Seattle, WA"]
[Date "2015.12.29"]
[Round "5"]
[White "Thomas Arjun  (WA)"]
[Black "Perez Ignacio  (WA)"]
[Result "0-1"]
[WhiteElo "885"]
[BlackElo "2269"]
[Annotator ""]
[Source ""]
[Remark ""]

1.e4 d6 2.d4 g6 3.Nc3 Bg7 4.Be3 Nf6 5.f3 O-O 6.Qd2 Nc6 7.O-O-O
e5 8.d5 Nd4 9.Nge2 c5 10.dxc6 bxc6 11.Nxd4 exd4 12.Bxd4 Be6 13.e5
dxe5 14.Bxe5 Qa5 15.Qe3 Ng4 16.fxg4 Bxe5 17.a3 Rab8 18.Be2 Rxb2
19.Ne4 Bb3 20.Qc5 Rxc2+ 21.Qxc2 Qxa3+ 0-1

[Event "Washington G/60 Championships"]
[Site "Seattle, WA"]
[Date "2015.12.29"]
[Round "5"]
[White "Zhang Brendan  (WA)"]
[Black "Vrana Rudy  (WA)"]
[Result "1-0"]
[WhiteElo "1924"]
[BlackElo "2146"]
[Annotator ""]
[Source ""]
[Remark ""]

1.d4 Nf6 2.c4 c5 3.d5 e5 4.Nc3 d6 5.e4 Be7 6.Bd3 O-O 7.h3 Ne8
8.Qc2 g6 9.Nge2 Ng7 10.Bd2 f5 11.O-O-O Na6 12.a3 Nc7 13.g3 a6
14.Rdf1 fxe4 15.Nxe4 b5 16.b3 bxc4 17.bxc4 Nf5 18.g4 Nh4 19.f4
exf4 20.Nxf4 g5 21.Nh5 Bd7 22.Qc3 1-0

[Event "Washington G/60 Championships"]
[Site "Seattle, WA"]
[Date "2015.12.29"]
[Round "5"]
[White "Truelson Joseph  (MN)"]
[Black "Reeves Jasen  (WA)"]
[Result "1-0"]
[WhiteElo "1682"]
[BlackElo "1241"]
[Annotator ""]
[Source ""]
[Remark ""]

1.e4 e5 2.Nf3 Nc6 3.Bc4 Nf6 4.Ng5 d5 5.exd5 Nd4 6.c3 Nf5 7.O-O
Bd6 8.d4 exd4 9.Re1+ Be7 10.Nxf7 Kxf7 11.d6+ Kf8 12.dxe7+ Nxe7
13.Bg5 Qd6 14.cxd4 Nf5 15.Nc3 Nxd4 16.Nb5 Nxb5 17.Bxb5 Kf7 18.Qe2
Be6 19.Rad1 Nd5 20.Qf3+ Kg8 21.Bc4 c6 22.Qe4 Bf7 23.Be7 Qd7 24.Bh4
Re8 25.Qd3 Kf8 26.Rxe8+ Qxe8 27.h3 Qe5 28.Qa3+ 1-0

[Event "Washington G/60 Championships"]
[Site "Seattle, WA"]
[Date "2015.12.29"]
[Round "5"]
[White "Velea Sophie  (WA)"]
[Black "Siek Justin  (ID)"]
[Result "1-0"]
[WhiteElo "822"]
[BlackElo "1270"]
[Annotator ""]
[Source ""]
[Remark ""]

1.e4 e5 2.Nf3 Nc6 3.Bb5 a6 4.Bxc6 dxc6 5.Nc3 Bd6 6.d3 h6 7.Be3
Nf6 8.h3 Be6 9.O-O O-O 10.Re1 b5 11.a3 c5 12.Bd2 c6 13.Ne2 Qc7
14.Ng3 Rfb8 15.Qc1 Kh7 16.Bc3 b4 17.axb4 cxb4 18.Bd2 b3 19.c3
c5 20.d4 c4 21.dxe5 Bxe5 22.Nxe5 Qxe5 23.Bf4 Qb5 24.Bxb8 Rxb8
25.Qb1 Kg8 26.Qd1 Qb7 27.Qf3 Rd8 28.e5 Bd5 29.Qd1 Rd7 30.exf6
Bxg2 31.Qb1 Rd8 32.fxg7 Bxh3 33.Qe4 1-0

[Event "Washington G/60 Championships"]
[Site "Seattle, WA"]
[Date "2015.12.29"]
[Round "5"]
[White "Wang Everett  (WA)"]
[Black "Davies Cedric  (WA)"]
[Result "1-0"]
[WhiteElo "902"]
[BlackElo "1715"]
[Annotator ""]
[Source ""]
[Remark ""]

1.d4 Nf6 2.c4 c5 3.Nf3 cxd4 4.Nxd4 g6 5.Bf4 d6 6.Nc3 e5 7.Bg5
exd4 8.Nd5 Bg7 9.Qxd4 Qa5+ 10.b4 Nh5 11.Qe3+ Be6 12.bxa5 Bxa1
13.Nc7+ Kd7 14.Nxa8 Nc6 15.g4 Bd4 16.Qb3 b6 17.axb6 axb6 18.Nxb6+
Bxb6 19.Qxb6 Rb8 20.Qe3 Bxg4 21.Bg2 Be6 22.Bxc6+ Kxc6 23.O-O
Ng7 24.Qe4+ Kd7 25.Rb1 Rxb1+ 26.Qxb1 Kc6 27.Qb5+ Kc7 28.Qa5+
Kb7 29.Qb5+ Kc7 30.Be3 Nf5 31.Bb6+ Kb7 32.Ba5+ Kc8 33.Qc6+ Kb8
34.Bc7+ Kc8 35.Bb6+ Kb8 36.Qc7+ Ka8 37.Qa7# 1-0

[Event "Washington G/60 Championships"]
[Site "Seattle, WA"]
[Date "2015.12.29"]
[Round "5"]
[White "Zarzhevskiy Jacob  (WA)"]
[Black "Mathews Daniel  (WA)"]
[Result "0-1"]
[WhiteElo "1230"]
[BlackElo "1724"]
[Annotator ""]
[Source ""]
[Remark ""]

1.Nf3 Nf6 2.g3 g6 3.Bg2 Bg7 4.d3 d5 5.O-O O-O 6.c4 dxc4 7.dxc4
Qxd1 8.Rxd1 c6 9.Nc3 Be6 10.c5 Nbd7 11.Na4 Bd5 12.Be3 Rfe8 13.Nc3
Nf8 14.Nxd5 Nxd5 15.Bd4 e5 16.e4 Nc7 17.Be3 Rad8 18.Rd6 Nb5 19.Rxd8
Rxd8 20.a4 Nd4 21.Nxd4 exd4 22.Bf4 Ne6 23.Bd6 Bf8 24.Bxf8 Kxf8
25.b4 d3 26.Rd1 Rd4 27.Rb1 d2 28.Bf3 Ng5 29.Bd1 Nxe4 30.Rb3 a6
31.a5 Nf6 32.Kf1 Nd5 33.Ke2 Rxb4 34.Rxb4 Nxb4 35.Kxd2 Nd5 36.Bg4
f5 37.Bf3 Nc7 38.Kc3 Ke7 39.Bd1 Ke6 40.Bb3+ Ke5 41.Bg8 h6 42.Kd3
g5 43.Bf7 f4 44.Bh5 fxg3 45.hxg3 Ne6 46.Bg4 Nxc5+ 47.Kc4 Ne4
48.Bc8 Nd6+ 0-1

[Event "Washington G/60 Championships"]
[Site "Seattle, WA"]
[Date "2015.12.29"]
[Round "5"]
[White "Hendricks David  (WA)"]
[Black "Barua Aniruddha  (WA)"]
[Result "1/2-1/2"]
[WhiteElo "1670"]
[BlackElo "1184"]
[Annotator ""]
[Source ""]
[Remark ""]

1.d4 d5 2.Bf4 Bf5 3.Nf3 e6 4.e3 Bd6 5.Bg3 Nf6 6.c4 Bb4+ 7.Nc3
Ne4 8.Rc1 c6 9.a3 Nxc3 10.bxc3 Bxa3 11.Ra1 Bb2 12.Ra2 Bxc3+ 13.Nd2
dxc4 14.Bxc4 b5 15.Be2 a5 16.O-O Bxd2 17.Qxd2 O-O 18.Bxb8 Qxb8
19.Rxa5 Qb6 20.Rfa1 Rxa5 21.Rxa5 h6 22.h3 Rd8 23.Qa2 Rb8 24.Ra6
Qc7 25.Bf3 Rb6 26.Rxb6 Qxb6 27.Qa8+ Kh7 28.Qxc6 Qxc6 29.Bxc6
Bd3 30.f3 Kg6 31.Kf2 Kf6 32.e4 Bc4 33.h4 b4 34.Ke3 b3 35.Kd2
Bf1 36.g4 e5 37.Bd5 b2 38.Kc2 exd4 39.f4 g5 40.e5+ Ke7 41.hxg5
hxg5 42.fxg5 Be2 43.Kxb2 d3 44.Kc3 d2 45.Kxd2 Bxg4 46.Ke3 Bf5
47.Kf4 Bb1 48.Be4 Ba2 49.Kf5 Be6+ 50.Kf4 Ba2 51.Bf5 Bd5 52.Kg4
Bc4 53.Kh5 Kf8 54.g6 Be2+ 55.Kh6 fxg6 56.Kxg6 Bc4 57.Kf6 Bb3 1/2-1/2

[Event "Washington G/60 Championships"]
[Site "Seattle, WA"]
[Date "2015.12.29"]
[Round "6"]
[White "Reeves Jasen  (WA)"]
[Black "Hendricks David  (WA)"]
[Result "1/2-1/2"]
[WhiteElo "1241"]
[BlackElo "1670"]
[Annotator ""]
[Source ""]
[Remark ""]

1.d4 Nf6 2.c4 g6 3.Nc3 Bg7 4.e4 d6 5.Be2 O-O 6.Bg5 e5 7.dxe5
dxe5 8.Qxd8 Rxd8 9.Nd5 Nbd7 10.Nxc7 Rb8 11.Nd5 h6 12.Nxf6+ Nxf6
13.Bxf6 Bxf6 14.Nf3 Bg4 15.Rd1 Bxf3 16.Bxf3 Rxd1+ 17.Kxd1 Rd8+
18.Kc2 Kf8 19.Rd1 Rxd1 20.Kxd1 Ke7 21.Kc2 Kd6 22.b4 b6 23.Kb3
a5 24.Ka4 axb4 25.Kxb4 Kc6 26.Bg4 Be7+ 27.Kc3 Bc5 28.f3 Bg1 29.h3
Kc7 30.h4 h5 31.Bh3 Bf2 32.Kb4 Kc6 33.Bc8 Be1+ 34.Kb3 Bxh4 35.Ba6
g5 36.Bb5+ Kd6 37.a4 Be1 38.Kc2 g4 39.fxg4 hxg4 40.Kd1 Bf2 41.Ke2
g3 42.Kf3 Kc5 43.Kg4 Kd4 44.Kf3 f6 45.Ba6 1/2-1/2

[Event "Washington G/60 Championships"]
[Site "Seattle, WA"]
[Date "2015.12.29"]
[Round "6"]
[White "Vrana Rudy  (WA)"]
[Black "Mathews Daniel  (WA)"]
[Result "1-0"]
[WhiteElo "2146"]
[BlackElo "1724"]
[Annotator ""]
[Source ""]
[Remark ""]

1.c4 e5 2.Nc3 Nf6 3.g3 c6 4.d4 exd4 5.Qxd4 Be7 6.e4 d6 7.Bf4
Nh5 8.Be3 O-O 9.Be2 Nf6 10.O-O-O c5 11.Qd2 Nc6 12.Bf4 Nd4 13.Nf3
Nxe2+ 14.Qxe2 Bg4 15.h3 Bxf3 16.Qxf3 Qb6 17.g4 Qa6 18.Qd3 Rad8
19.b3 Rfe8 20.Rd2 Bf8 21.Bg5 Nd7 22.Bxd8 Ne5 23.Qe3 Rxd8 24.Kb1
Nc6 25.Rhd1 Nd4 26.Ne2 Nxe2 27.Qxe2 Qc6 28.Qd3 Re8 29.f3 Qc8
30.f4 Qe6 31.Re2 a6 32.e5 b5 33.f5 bxc4 34.fxe6 cxd3 35.exf7+
Kxf7 36.e6+ Rxe6 37.Rxe6 Kxe6 38.Rxd3 Be7 39.Re3+ Kf7 40.Kc2
Bf6 41.Kd3 Be5 42.Rf3+ Ke6 43.Rf8 Kd5 44.Ra8 Kc6 45.Rxa6+ Kb5
46.Ra8 d5 47.Rd8 c4+ 48.bxc4+ dxc4+ 49.Kc2 Bf6 50.Rh8 h6 51.Rb8+
Kc5 52.a4 Kd5 53.a5 Ke4 54.a6 Kf3 1-0

[Event "Washington G/60 Championships"]
[Site "Seattle, WA"]
[Date "2015.12.29"]
[Round "6"]
[White "Chetrari Nikita  (WA)"]
[Black "Perez Ignacio  (WA)"]
[Result "0-1"]
[WhiteElo "2302"]
[BlackElo "2269"]
[Annotator ""]
[Source ""]
[Remark ""]

1.e4 d6 2.d4 g6 3.Nf3 Bg7 4.h3 Nd7 5.Bc4 h6 6.O-O e5 7.dxe5 dxe5
8.Be3 Ngf6 9.Nc3 O-O 10.Qd2 Kh7 11.Rad1 Qe7 12.Rfe1 c6 13.Qd6
Qxd6 14.Rxd6 b5 15.Bb3 b4 16.Na4 Nxe4 17.Rxc6 Nef6 18.Rc7 a5
19.Bc5 Nxc5 20.Nxc5 e4 21.Nxe4 Nxe4 22.Rxe4 Bf5 23.Ree7 Rac8
24.Ra7 Ra8 25.Rxa8 Rxa8 26.g4 a4 27.gxf5 axb3 28.axb3 gxf5 29.Rb7
Rc8 30.Ne1 Bxb2 31.Rxf7+ Kg6 32.Rb7 Bc3 33.Nd3 Bd2 34.Nxb4 Bxb4
35.Rxb4 Rxc2 36.Kg2 Rc3 37.Rb8 Kg5 38.b4 Rb3 39.b5 Kh4 40.b6
Rxh3 41.f3 Rg3+ 42.Kf2 Rg7 43.Rc8 f4 44.Rc7 Rg6 45.b7 Rb6 46.Rh7
Rb2+ 47.Kf1 Kg3 48.Rxh6 Rxb7 49.Ra6 Rb1+ 50.Ke2 Rb2+ 51.Kf1 Rb3
52.Rh6 Rxf3+ 53.Kg1 Ra3 54.Kf1 Ra1+ 55.Ke2 f3+ 56.Ke3 Re1+ 57.Kd2
f2 58.Rg6+ Kh4 0-1

[Event "Washington G/60 Championships"]
[Site "Seattle, WA"]
[Date "2015.12.29"]
[Round "6"]
[White "Barua Aniruddha  (WA)"]
[Black "Chen Brian  (WA)"]
[Result "0-1"]
[WhiteElo "1184"]
[BlackElo "1641"]
[Annotator ""]
[Source ""]
[Remark ""]

1.d4 Nf6 2.c4 g6 3.Nf3 Bg7 4.Nc3 d5 5.cxd5 Nxd5 6.e4 Nxc3 7.bxc3
c5 8.Rb1 Nc6 9.Bb5 Bg4 10.Be3 O-O 11.Bxc6 bxc6 12.e5 cxd4 13.cxd4
Bxf3 14.Qxf3 Qa5+ 15.Bd2 Qxa2 16.Rd1 Qc4 17.Qc3 Qxc3 18.Bxc3
Rfb8 19.O-O Rb3 20.Rc1 a5 21.Bd2 Rb6 22.Rc5 a4 23.Rc2 e6 24.Ra2
f6 25.f4 Rb3 26.Kf2 fxe5 27.dxe5 c5 28.Rc1 Bf8 29.Be3 a3 30.Ke2
c4 31.Bd4 Rc8 32.Bc3 Kg7 33.g3 Ra8 34.Kd1 Bb4 35.Kd2 Rb2+ {'time'} 0-1

[Event "Washington G/60 Championships"]
[Site "Seattle, WA"]
[Date "2015.12.29"]
[Round "6"]
[White "Velea Stephanie  (WA)"]
[Black "Davies Cedric  (WA)"]
[Result "0-1"]
[WhiteElo "978"]
[BlackElo "1715"]
[Annotator ""]
[Source ""]
[Remark ""]

1.e4 e6 2.d4 d5 3.exd5 exd5 4.Nc3 Nc6 5.Nf3 Bb4 6.Bb5 Nge7 7.Ne5
O-O 8.Nxc6 Nxc6 9.O-O Bf5 10.Bxc6 bxc6 11.Bf4 Bd6 12.Bxd6 cxd6
13.Re1 Rb8 14.Rb1 Qf6 15.Re2 Qg6 16.Rd2 Bh3 17.Qf3 Bg4 18.Qg3
Qe6 19.h3 Bh5 20.Qe3 Qxe3 21.fxe3 Rfe8 22.g4 Bg6 23.Re2 f5 24.gxf5
Bxf5 25.Kg2 Re6 26.b3 Rg6+ 27.Kh2 Rh6 28.e4 Rxh3+ 29.Kg2 Bg4
30.exd5 Rxc3 31.Rf2 Re8 32.Kf1 cxd5 33.Rf4 Bh3+ 34.Kg1 Rxc2 35.a4
Ree2 36.Rf3 Rg2+ 37.Kh1 Rh2+ 38.Kg1 Rcg2+ 39.Kf1 Rh1# 0-1

[Event "Washington G/60 Championships"]
[Site "Seattle, WA"]
[Date "2015.12.29"]
[Round "6"]
[White "Rigby Alden  (WA)"]
[Black "Jain Eva  (WA)"]
[Result "1-0"]
[WhiteElo "691"]
[BlackElo "544"]
[Annotator ""]
[Source ""]
[Remark ""]

1.c4 d6 2.Nc3 e5 3.g3 Nf6 4.d3 Nbd7 5.Bg2 Be7 6.Nf3 O-O 7.O-O
c6 8.Bg5 Qc7 9.Rb1 Nb6 10.b4 Be6 11.b5 cxb5 12.Nxb5 Qc5 13.Be3
Qc6 14.Nxe5 Qc8 15.Nf3 Bh3 16.Nxa7 Rxa7 17.Bxb6 Rxa2 18.Ra1 Rxa1
19.Qxa1 Bxg2 20.Kxg2 Qc6 21.Qb2 Nd7 22.Bd4 Bf6 23.Bxf6 Nxf6 24.Qb5
Qxb5 25.cxb5 Ra8 26.Nd4 Ra4 27.e3 Ra3 28.Rc1 h6 29.Rc7 Rxd3 30.Rxb7
Rd2 31.Kf3 g5 32.g4 d5 33.Rb8+ Kg7 34.Nf5+ Kh7 35.Nd6 h5 36.h3
hxg4+ 37.hxg4 d4 38.Nxf7 dxe3 39.Kxe3 Rd7 40.Nxg5+ Kg6 41.Nf3
Nxg4+ 42.Kf4 Nh6 43.Ne5+ Kf6 44.Nxd7+ 1-0

[Event "Washington G/60 Championships"]
[Site "Seattle, WA"]
[Date "2015.12.29"]
[Round "6"]
[White "Petrov Oscar  (WA)"]
[Black "Hadzic Huso  (WA)"]
[Result "0-1"]
[WhiteElo "1738"]
[BlackElo "2153"]
[Annotator ""]
[Source ""]
[Remark ""]

1.e4 c5 2.Nc3 Nc6 3.f4 d6 4.Bc4 e6 5.Nf3 Nf6 6.d3 Be7 7.O-O O-O
8.Qe1 d5 9.Bb3 Na5 10.Qg3 c4 11.Ba4 a6 12.e5 Nh5 13.Qh3 g6 14.g4
Ng7 15.Qh6 b5 16.f5 exf5 17.Ng5 Qb6+ 18.Rf2 Bxg5 19.Bxg5 Rd8
20.Bf6 Ne8 21.g5 Bb7 22.Kf1 Qc5 23.Rf4 Qf8 24.Qh3 h5 25.gxh6
Kh7 26.Rxf5 Bc8 27.Bxd8 Bxf5 28.Qh4 Nc6 29.Bf6 bxa4 30.dxc4 dxc4
31.Ne4 Bxe4 32.Qxe4 Nxf6 33.exf6 Qd6 34.Qxc4 Qxf6+ 35.Kg2 Ne5
36.Qe2 Qg5+ 37.Kh1 Ng4 38.Rf1 Qd5+ 39.Kg1 Nxh6 40.c4 Qg5+ 41.Kh1
Rd8 42.Rf2 Rd4 43.h3 Nf5 44.Rg2 Ng3+ 0-1